[Event "XXVI Ogolnopolska Olimpiada Mlodziezy"]
[Site "Pulawy"]
[Date "2020.10.09"]
[Round "7.2"]
[White "Janeczko, Jakub"]
[Black "Fiszer, Bartosz"]
[Result "1-0"]
[WhiteElo "1933"]
[BlackElo "2225"]
[PlyCount "103"]
[EventDate "2020.10.04"]
[EventType "swiss"]
[Tiebreak "Sum of Buchholz+Median1 Buchholz+Sonneborn-Berger (Swiss)"]

1. e4 c5 2. Nf3 Nc6 3. d4 cxd4 4. Nxd4 e5 5. Nb3 Nf6 6. Bg5 Bb4+ 7. c3 Be7 8.
N1d2 d5 9. exd5 Nxd5 10. Bxe7 Ndxe7 11. Ne4 O-O 12. Nd6 Ng6 13. Qd2 Nd4 14.
Nxc8 Nxb3 15. axb3 Qxc8 16. O-O-O Qc5 17. Bd3 f5 18. Qc2 e4 19. Bc4+ Kh8 20.
Rd5 Qc6 21. g3 Rad8 22. Rhd1 Rxd5 23. Rxd5 a6 24. Qd2 b5 25. Be2 Qb6 26. Qd4
Qxd4 27. Rxd4 Ne7 28. Kd2 g6 29. Ke3 Kg7 30. Kf4 Rc8 31. Rd6 b4 32. cxb4 Rc2
33. Ke3 Nc6 34. Bd1 Nxb4 35. Bxc2 Nxc2+ 36. Kf4 Nb4 37. h4 a5 38. f3 exf3 39.
Kxf3 Nc2 40. Rd5 Na1 41. Rxa5 Nxb3 42. Ra7+ Kh6 43. Kf4 Nc5 44. Ra3 Ne6+ 45.
Ke5 Nd8 46. Kf6 Nc6 47. Ra4 Kh5 48. b4 Nd4 49. Ke5 Ne2 50. b5 Nxg3 51. b6 Ne4
52. Rxe4 1-0

[Event "XXVI Ogolnopolska Olimpiada Mlodziezy"]
[Site "Pulawy"]
[Date "2020.10.09"]
[Round "7.2"]
[White "Komendecki, Antoni"]
[Black "Krawczyk, Flawian"]
[Result "1-0"]
[WhiteElo "1801"]
[BlackElo "2114"]
[PlyCount "85"]
[EventDate "2020.10.04"]
[EventType "swiss"]
[Tiebreak "Sum of Buchholz+Median1 Buchholz+Sonneborn-Berger (Swiss)"]

1. e4 c5 2. Nf3 e6 3. d4 cxd4 4. Nxd4 Nc6 5. Nc3 Qc7 6. g3 a6 7. Bg2 d6 8. O-O
Bd7 9. Be3 Nf6 10. Re1 Be7 11. Qe2 O-O 12. Rad1 b5 13. a3 Rab8 14. Nxc6 Bxc6
15. Bf4 e5 16. Bg5 h6 17. Bxf6 Bxf6 18. Nd5 Bxd5 19. Rxd5 Rfc8 20. Bh3 Rd8 21.
c3 Qb6 22. Red1 Rb7 23. Kh1 Rc7 24. Kg1 Rc5 25. Qd3 Rxd5 26. Qxd5 h5 27. Bf5 h4
28. Kg2 Kf8 29. Rd3 g6 30. Bg4 Kg7 31. Bd1 Qc7 32. Bb3 Qd7 33. Rf3 Rh8 34. Qd2
hxg3 35. fxg3 Qg4 36. Qf2 Qg5 37. h4 Rxh4 38. Rxf6 Rxe4 39. Rxf7+ Kh6 40. Rh7+
Kxh7 41. Qf7+ Kh6 42. Qf8+ Kh5 43. Bd1+ 1-0

[Event "XXVI Ogolnopolska Olimpiada Mlodziezy"]
[Site "Pulawy"]
[Date "2020.10.09"]
[Round "7.2"]
[White "Tokarz, Izabela"]
[Black "Zabrzanska, Weronika"]
[Result "0-1"]
[WhiteElo "1549"]
[BlackElo "1830"]
[PlyCount "62"]
[EventDate "2020.10.04"]
[EventType "swiss"]
[Tiebreak "Sum of Buchholz+Median1 Buchholz+Sonneborn-Berger (Swiss)"]

1. d4 Nf6 2. c4 e6 3. Nc3 Bb4 4. e3 d5 5. a3 Bxc3+ 6. bxc3 O-O 7. Nf3 c5 8.
cxd5 Nxd5 9. Bd2 b6 10. e4 Ne7 11. Be3 cxd4 12. cxd4 Bb7 13. e5 f5 14. Ng5 Bd5
15. f4 h6 16. Nf3 Nbc6 17. Be2 Rc8 18. Rc1 Bxf3 19. Bxf3 Nxd4 20. Rxc8 Nxf3+
21. Qxf3 Qxc8 22. O-O Nd5 23. Rc1 Qd7 24. Bd2 Rc8 25. Rd1 Qa4 26. Bc1 Rc3 27.
Qh5 Kh7 28. Rf1 Qe4 29. g4 Rxc1 30. Rxc1 Qe3+ 31. Kg2 Nxf4+ 0-1

[Event "XXVI Ogolnopolska Olimpiada Mlodziezy"]
[Site "Pulawy"]
[Date "2020.10.09"]
[Round "7.3"]
[White "Bukala, Weronika"]
[Black "Barwinska, Ewa"]
[Result "1-0"]
[WhiteElo "1704"]
[BlackElo "1742"]
[PlyCount "77"]
[EventDate "2020.10.04"]
[EventType "swiss"]
[Tiebreak "Sum of Buchholz+Median1 Buchholz+Sonneborn-Berger (Swiss)"]

1. e4 c5 2. Nf3 d6 3. d4 cxd4 4. Nxd4 Nf6 5. Nc3 a6 6. f3 e5 7. Nb3 Be6 8. Be3
Be7 9. g4 b5 10. g5 Nfd7 11. Qd2 Nb6 12. Na5 O-O 13. h4 Qc7 14. h5 b4 15. Nd5
Nxd5 16. exd5 Bg4 17. fxg4 Qxa5 18. g6 Nd7 19. gxh7+ Kh8 20. g5 Nc5 21. Bg2 Qd8
22. g6 Bh4+ 23. Ke2 fxg6 24. hxg6 Qf6 25. Rag1 Bf2 26. Bxc5 Bxc5 27. Rf1 Qxg6
28. Kd1 Rac8 29. Qe2 Bd4 30. Kc1 a5 31. Be4 Qg5+ 32. Kb1 a4 33. Qb5 b3 34. axb3
axb3 35. Qxb3 Qd2 36. Qb7 Qa5 37. Rf3 Rb8 38. Rhf1 Qd8 39. Qxb8 1-0

[Event "XXVI Ogolnopolska Olimpiada Mlodziezy"]
[Site "Pulawy"]
[Date "2020.10.09"]
[Round "7.3"]
[White "Chyzy, Jakub"]
[Black "Halhoul, Adam"]
[Result "1-0"]
[WhiteElo "2250"]
[BlackElo "1718"]
[PlyCount "65"]
[EventDate "2020.10.04"]
[EventType "swiss"]
[Tiebreak "Sum of Buchholz+Median1 Buchholz+Sonneborn-Berger (Swiss)"]

1. e4 c5 2. Nc3 Nc6 3. Bb5 g6 4. Bxc6 dxc6 5. d3 Bg7 6. Be3 b6 7. Qd2 Nf6 8. h3
O-O 9. f4 Qc7 10. O-O-O Rd8 11. Qf2 c4 12. dxc4 Rxd1+ 13. Kxd1 Ba6 14. e5 Nd7
15. Nf3 Bxc4 16. b3 Ba6 17. Kc1 b5 18. Ne4 Bc8 19. h4 a5 20. h5 b4 21. hxg6
hxg6 22. Qh4 Kf8 23. Nfg5 Nxe5 24. fxe5 Qxe5 25. c3 bxc3 26. Rd1 Bf5 27. Bd4
Qxd4 28. Rxd4 Bxd4 29. g4 Bxe4 30. Nxe4 a4 31. b4 Rb8 32. a3 c5 33. Nxc5 1-0

[Event "XXVI Ogolnopolska Olimpiada Mlodziezy"]
[Site "Pulawy"]
[Date "2020.10.09"]
[Round "7.3"]
[White "Lazniewska, Zofia"]
[Black "Salamon, Julia"]
[Result "1-0"]
[WhiteElo "1506"]
[BlackElo "1551"]
[PlyCount "120"]
[EventDate "2020.10.04"]
[EventType "swiss"]
[Tiebreak "Sum of Buchholz+Median1 Buchholz+Sonneborn-Berger (Swiss)"]

1. e4 c5 2. Nf3 e6 3. c3 Nf6 4. e5 Nd5 5. d4 cxd4 6. cxd4 Nc6 7. a3 d6 8. Bd3
Be7 9. O-O O-O 10. Bd2 h6 11. Nc3 Nxc3 12. Bxc3 b6 13. Qe2 d5 14. Rac1 Bb7 15.
Bb1 Re8 16. Qd3 g6 17. Bd2 Bf8 18. h3 Bg7 19. h4 h5 20. Bg5 Qd7 21. Qe3 Ne7 22.
Bf6 Nf5 23. Bxf5 exf5 24. Bxg7 Kxg7 25. Qg5 Qe7 26. Qf4 Rac8 27. Rxc8 Rxc8 28.
Rc1 Rxc1+ 29. Qxc1 Qd7 30. Qc3 Qc6 31. Qxc6 Bxc6 32. Kf1 a5 33. b4 axb4 34.
axb4 b5 35. Ke2 Bd7 36. Ke3 Kf8 37. Kf4 Ke7 38. Kg5 Be6 39. g3 Bd7 40. Ne1 Bc6
41. Nd3 Bd7 42. Nf4 Be6 43. f3 Bd7 44. Nxd5+ Kf8 45. Nc7 Ke7 46. d5 Kd8 47. Na6
Ke7 48. Nc5 Bc8 49. d6+ Ke8 50. f4 Kd8 51. Kf6 Ke8 52. d7+ Bxd7 53. Nxd7 Kxd7
54. Kxf7 Kc6 55. e6 Kd5 56. e7 Kc4 57. e8=Q Kxb4 58. Kxg6 Kc4 59. Kxh5 b4 60.
Kg5 Kd5 1-0

[Event "XXVI Ogolnopolska Olimpiada Mlodziezy"]
[Site "Pulawy"]
[Date "2020.10.09"]
[Round "7.3"]
[White "Mulawa, Cyprian"]
[Black "Klim, Filip"]
[Result "0-1"]
[WhiteElo "1693"]
[BlackElo "1843"]
[PlyCount "108"]
[EventDate "2020.10.04"]
[EventType "swiss"]
[Tiebreak "Sum of Buchholz+Median1 Buchholz+Sonneborn-Berger (Swiss)"]

1. e4 e5 2. Nf3 Nc6 3. Bb5 a6 4. Ba4 Nf6 5. O-O b5 6. Bb3 Bc5 7. a4 Rb8 8. c3
d6 9. d4 Bb6 10. a5 Ba7 11. h3 h6 12. Be3 exd4 13. cxd4 Ne7 14. Nbd2 O-O 15.
Re1 Bb7 16. d5 Bxe3 17. Rxe3 c6 18. dxc6 Nxc6 19. Nh4 Nxa5 20. Bc2 g6 21. Rg3
Nc6 22. f4 Qe8 23. Raa3 Kh8 24. e5 dxe5 25. Rae3 Qd7 26. fxe5 Nxe5 27. Qf1 Nh5
28. Rxe5 Qd4+ 29. Rge3 Qxh4 30. Qd3 Rbd8 31. Qc3 Qd4 32. Qxd4 Rxd4 33. Nb3 Rd5
34. Re7 Bc8 35. Be4 Rd6 36. Rf3 Kg7 37. Nc5 Nf6 38. Bd3 Rc6 39. Nb3 Re6 40. Rc7
Nd5 41. Ra7 Re7 42. Ra8 Nb4 43. Nc5 Rc7 44. Nb3 Bb7 45. Rxf8 Kxf8 46. Re3 Nxd3
47. Rxd3 Rc2 48. Rd2 Rxd2 49. Nxd2 Ke7 50. g3 Kd6 51. b4 Kd5 52. Kf2 Kd4 53.
Nb3+ Kc3 54. Nc5 Bc8 0-1

[Event "XXVI Ogolnopolska Olimpiada Mlodziezy"]
[Site "Pulawy"]
[Date "2020.10.09"]
[Round "7.4"]
[White "Grot, Blazej"]
[Black "Raczek, Krzysztof"]
[Result "1-0"]
[WhiteElo "1791"]
[BlackElo "1782"]
[PlyCount "105"]
[EventDate "2020.10.04"]
[EventType "swiss"]
[Tiebreak "Sum of Buchholz+Median1 Buchholz+Sonneborn-Berger (Swiss)"]

1. e4 c5 2. Nf3 d6 3. Bb5+ Bd7 4. Bxd7+ Qxd7 5. c4 e5 6. Nc3 Nc6 7. d3 f5 8.
exf5 Nf6 9. O-O Qxf5 10. Ng5 h6 11. Nge4 Be7 12. Nxf6+ Bxf6 13. Nb5 O-O-O 14.
a3 e4 15. dxe4 Qe6 16. Bf4 Be7 17. Qd5 Qf6 18. Bg3 a6 19. Nc3 h5 20. h4 Nd4 21.
Rad1 Qg6 22. Rd3 Rhf8 23. b4 Qf7 24. Rb1 Nc6 25. b5 axb5 26. Nxb5 Qxd5 27. exd5
Na5 28. Re3 Rf7 29. Na7+ Kc7 30. Nb5+ Kc8 31. Re4 b6 32. Rxe7 Rxe7 33. Nxd6+
Rxd6 34. Bxd6 Rb7 35. Rc1 Ra7 36. Rc3 Kd7 37. Be5 g6 38. f4 Rb7 39. Kh2 Ke8 40.
g3 b5 41. cxb5 Rxb5 42. a4 Rb2+ 43. Kh3 Nb7 44. Ra3 Rb6 45. Bc7 Ra6 46. Rb3 Na5
47. Rb5 Nc4 48. a5 Ne3 49. Rxc5 Kd7 50. Bb6 Kd6 51. Rc6+ Kxd5 52. Rxg6 Ke4 53.
Re6+ 1-0

[Event "XXVI Ogolnopolska Olimpiada Mlodziezy"]
[Site "Pulawy"]
[Date "2020.10.09"]
[Round "7.4"]
[White "Meers, Hubert"]
[Black "Wiatrowski, Zbigniew"]
[Result "1/2-1/2"]
[WhiteElo "1988"]
[BlackElo "1849"]
[PlyCount "169"]
[EventDate "2020.10.04"]
[EventType "swiss"]
[Tiebreak "Sum of Buchholz+Median1 Buchholz+Sonneborn-Berger (Swiss)"]

1. e4 c5 2. Nf3 e6 3. d4 cxd4 4. Nxd4 Nf6 5. Nc3 Nc6 6. Nxc6 bxc6 7. e5 Nd5 8.
Ne4 Qc7 9. f4 Qb6 10. a3 Ba6 11. Bxa6 Qxa6 12. Qe2 Qxe2+ 13. Kxe2 f5 14. Nf2
Rb8 15. Nd3 a5 16. Be3 Rg8 17. h4 h6 18. g3 Nxe3 19. Kxe3 g5 20. hxg5 hxg5 21.
Kf3 c5 22. b3 a4 23. bxa4 c4 24. Nb4 Ra8 25. fxg5 Rxa4 26. c3 Rxg5 27. Rh4 Bg7
28. Re1 Ra5 29. Kf4 Rg6 30. Nc2 Bh6+ 31. Kf3 Bg7 32. Rxc4 Bxe5 33. Rg1 Rd5 34.
Nb4 Rd2 35. a4 d5 36. Rc6 Kd7 37. a5 d4 38. c4 Rb2 39. Rb6 Rb3+ 40. Ke2 Rgxg3
41. Rxg3 Bxg3 42. a6 d3+ 43. Nxd3 Rxb6 44. a7 Rb8 45. Nc5+ Ke7 46. axb8=Q Bxb8
47. Kd3 e5 48. Nb3 Ba7 49. c5 Ke6 50. Kc4 Bb8 51. Nd2 e4 52. Nb3 Be5 53. Nd2
Bc7 54. Kd4 Be5+ 55. Kc4 Bf4 56. Nb3 Bc7 57. Kd4 Be5+ 58. Kc4 f4 59. Nd2 Kf5
60. Kd5 e3 61. Nf3 Bc3 62. c6 Ba5 63. Nd4+ Kg4 64. Ke4 Bc7 65. Kd3 Bb6 66. c7
Bxc7 67. Ke2 Bb6 68. Nf3 Ba5 69. Ne5+ Kg3 70. Nf3 Bc3 71. Ng5 Bd4 72. Nf3 Bf6
73. Ne1 Bc3 74. Nf3 Kg4 75. Nh2+ Kf5 76. Nf3 Bf6 77. Nh2 Ke4 78. Nf3 Be7 79.
Ne1 Bh4 80. Nf3 Bf6 81. Ne1 Kf5 82. Nf3 Kg4 83. Nh2+ Kg3 84. Nf3 Kg2 85. Ne1+ {
Bc3} 1/2-1/2

[Event "XXVI Ogolnopolska Olimpiada Mlodziezy"]
[Site "Pulawy"]
[Date "2020.10.09"]
[Round "7.4"]
[White "Seemann, Pola"]
[Black "Leks, Emilia"]
[Result "1-0"]
[WhiteElo "1566"]
[BlackElo "1211"]
[PlyCount "53"]
[EventDate "2020.10.04"]
[EventType "swiss"]
[Tiebreak "Sum of Buchholz+Median1 Buchholz+Sonneborn-Berger (Swiss)"]

1. e4 c6 2. d4 d5 3. Nc3 dxe4 4. Nxe4 Bf5 5. Ng3 Bg6 6. h4 h6 7. N1e2 Nf6 8.
Nf4 Bh7 9. Bc4 e6 10. Qe2 Qd6 11. O-O Be7 12. c3 Nd5 13. Nfh5 Rg8 14. Ne4 Bxe4
15. Qxe4 g6 16. Nf4 Bxh4 17. Nxd5 cxd5 18. Bb5+ Nc6 19. Qxh4 Kd7 20. Qf6 Raf8
21. Bf4 Qe7 22. Qxe7+ Kxe7 23. Bxh6 Rc8 24. Bf4 Rh8 25. g3 Rh5 26. Kg2 g5 27.
g4 1-0

[Event "XXVI Ogolnopolska Olimpiada Mlodziezy"]
[Site "Pulawy"]
[Date "2020.10.09"]
[Round "7.4"]
[White "Szopa, Emilia"]
[Black "Uliasz, Katarzyna"]
[Result "0-1"]
[WhiteElo "1790"]
[BlackElo "1495"]
[PlyCount "50"]
[EventDate "2020.10.04"]
[EventType "swiss"]
[Tiebreak "Sum of Buchholz+Median1 Buchholz+Sonneborn-Berger (Swiss)"]

1. e4 c5 2. Nf3 Nc6 3. d4 cxd4 4. Nxd4 e5 5. Nf5 d5 6. Qxd5 Qxd5 7. exd5 Bxf5
8. dxc6 bxc6 9. c3 Nf6 10. Ba6 Rb8 11. O-O Bc5 12. Nd2 Nd5 13. Re1 f6 14. Nb3
Bb6 15. Bc4 O-O 16. Be3 Kh8 17. Bxb6 axb6 18. Rad1 Rfd8 19. Rd2 Rd7 20. Red1
Rbd8 21. Nc1 g6 22. Kf1 Ne3+ 23. fxe3 Rxd2 24. Re1 Be4 25. Ne2 Rxb2 0-1

[Event "XXVI Ogolnopolska Olimpiada Mlodziezy"]
[Site "Pulawy"]
[Date "2020.10.09"]
[Round "7.5"]
[White "Bar, Klaudia"]
[Black "Pawicka, Magdalena"]
[Result "1-0"]
[WhiteElo "1408"]
[BlackElo "1775"]
[PlyCount "101"]
[EventDate "2020.10.04"]
[EventType "swiss"]
[Tiebreak "Sum of Buchholz+Median1 Buchholz+Sonneborn-Berger (Swiss)"]

1. d4 Nf6 2. c4 e6 3. Nc3 Bb4 4. Nf3 c5 5. a3 Bxc3+ 6. bxc3 O-O 7. g3 b6 8. Bg2
Bb7 9. O-O d6 10. Bb2 Nc6 11. Qc2 Na5 12. Nd2 Bxg2 13. Kxg2 Rc8 14. Rac1 cxd4
15. cxd4 Nxc4 16. Nxc4 d5 17. Qd3 dxc4 18. Qc2 b5 19. e4 a5 20. Bc3 Qe7 21. Qb2
Rb8 22. Bxa5 Nxe4 23. Bb4 Nd6 24. f3 Rfd8 25. Qd2 Qf6 26. Bc3 Nf5 27. Rfd1 Nxd4
28. Qf2 e5 29. Ba5 Rdc8 30. Bc3 Nb3 31. Rb1 Nc5 32. Rd5 Nd3 33. Qe3 Qc6 34. Qe4
f5 35. Rd8+ Rxd8 36. Qxc6 f4 37. Rxb5 Rbc8 38. Qe6+ Kh8 39. Qe7 fxg3 40. hxg3
Re8 41. Qg5 Rc7 42. Rd5 h6 43. Qh4 Rcc8 44. Rd7 Rg8 45. Rd6 Rge8 46. a4 Nc5 47.
Qg4 Ra8 48. a5 Rab8 49. Qxc4 Rbc8 50. Qd5 e4 51. Rxh6# 1-0

[Event "XXVI Ogolnopolska Olimpiada Mlodziezy"]
[Site "Pulawy"]
[Date "2020.10.09"]
[Round "7.5"]
[White "Kazmierowski, Tymon"]
[Black "Karolczuk, Iwo"]
[Result "1/2-1/2"]
[WhiteElo "1958"]
[BlackElo "2010"]
[PlyCount "81"]
[EventDate "2020.10.04"]
[EventType "swiss"]
[Tiebreak "Sum of Buchholz+Median1 Buchholz+Sonneborn-Berger (Swiss)"]

1. d4 Nf6 2. c4 e6 3. g3 c5 4. d5 exd5 5. cxd5 d6 6. Nc3 g6 7. Bg2 Bg7 8. Nf3
O-O 9. O-O Re8 10. Nd2 b6 11. a4 Nbd7 12. Nc4 Ne5 13. Nxe5 Rxe5 14. Bf4 Re8 15.
e4 a6 16. Re1 Ng4 17. h3 Ne5 18. Bxe5 Bxe5 19. f4 Bd4+ 20. Kh2 Rb8 21. Qd2 b5
22. axb5 axb5 23. Ne2 Bg7 24. Ng1 f5 25. exf5 Rxe1 26. Rxe1 Bxf5 27. Nf3 Qf6
28. g4 Bd7 29. Re2 b4 30. Ng5 c4 31. Ne4 Qf8 32. Kg3 h6 33. h4 Ba4 34. Re3 Rb7
35. Bf1 Rf7 36. Rf3 Qe7 37. Re3 Qf8 38. Rf3 Qe7 39. Re3 Qf8 40. Rf3 Qe7 41. Re3
1/2-1/2

[Event "XXVI Ogolnopolska Olimpiada Mlodziezy"]
[Site "Pulawy"]
[Date "2020.10.09"]
[Round "7.5"]
[White "Nieckarz, Maja"]
[Black "Banasiak, Adrianna"]
[Result "0-1"]
[WhiteElo "1426"]
[BlackElo "1216"]
[PlyCount "84"]
[EventDate "2020.10.04"]
[EventType "swiss"]
[Tiebreak "Sum of Buchholz+Median1 Buchholz+Sonneborn-Berger (Swiss)"]

1. e4 e6 2. d4 d5 3. Nc3 Bb4 4. exd5 exd5 5. Bd3 Nf6 6. Nge2 Bxc3+ 7. bxc3 Nbd7
8. O-O O-O 9. Bg5 h6 10. Bh4 c5 11. Bf5 c4 12. f4 Re8 13. Ng3 Nf8 14. Bxc8 Rxc8
15. f5 N8h7 16. Qf3 Ng5 17. Bxg5 hxg5 18. a4 Qa5 19. Rfb1 g4 20. Qd1 Qxc3 21.
Rxb7 Qe3+ 22. Kh1 Ne4 23. Nxe4 Rxe4 24. Rxa7 Rce8 25. g3 Qf2 26. a5 Re1+ 27.
Qxe1 Rxe1+ 28. Rxe1 Qxe1+ 29. Kg2 Qe2+ 30. Kg1 Qe3+ 31. Kf1 Qxd4 32. Rb7 Qa1+
33. Ke2 Qxa5 34. Rb8+ Kh7 35. Rb7 f6 36. Rd7 Qa2 37. Kd2 Qa5+ 38. Kd1 c3 39.
Re7 d4 40. Rd7 Qb5 41. Re7 d3 42. Re4 Qb1# 0-1

[Event "XXVI Ogolnopolska Olimpiada Mlodziezy"]
[Site "Pulawy"]
[Date "2020.10.09"]
[Round "7.5"]
[White "Zielonka, Adam"]
[Black "Warchol, Kamil"]
[Result "1/2-1/2"]
[WhiteElo "1736"]
[BlackElo "1875"]
[PlyCount "124"]
[EventDate "2020.10.04"]
[EventType "swiss"]
[Tiebreak "Sum of Buchholz+Median1 Buchholz+Sonneborn-Berger (Swiss)"]

1. Nf3 d5 2. b3 Nf6 3. Bb2 Bf5 4. e3 c5 5. Bb5+ Nbd7 6. Ne5 a6 7. Be2 Nxe5 8.
Bxe5 Nd7 9. Bb2 e5 10. O-O Qb6 11. Bg4 Qg6 12. Bxf5 Qxf5 13. d3 O-O-O 14. Nc3
d4 15. e4 Qe6 16. Ne2 f5 17. exf5 Qxf5 18. Ng3 Qg6 19. Qe2 Bd6 20. Qe4 Nf6 21.
Qxg6 hxg6 22. h3 Nh5 23. Ne4 Nf4 24. Rfe1 Kd7 25. Bc1 Rde8 26. Bxf4 exf4 27.
Ng5 Rhf8 28. Re4 Rxe4 29. Nxe4 b6 30. Re1 Re8 31. Kf1 Bc7 32. Ng5 Rxe1+ 33.
Kxe1 Ke7 34. Ke2 Kf6 35. Ne4+ Ke5 36. Kf3 Kf5 37. Nd2 Bd6 38. Nc4 Bc7 39. a4 g5
40. g4+ fxg3 41. fxg3 b5 42. axb5 axb5 43. Na3 b4 44. Nc4 g6 45. Nd2 Bd8 46.
Ne4 Be7 47. Nf2 Bd6 48. Nd1 Bc7 49. Nb2 Bd8 50. Na4 Be7 51. Nb6 Bd8 52. Nc4 Bc7
53. g4+ Ke6 54. Ke4 Bb8 55. Na5 Bd6 56. Nc4 Bc7 57. Nd2 Be5 58. Nf3 Bf6 59. Nd2
Bd8 60. Nc4 Bc7 61. Nb2 Bb6 62. Nc4 Bc7 1/2-1/2

[Event "XXVI Ogolnopolska Olimpiada Mlodziezy"]
[Site "Pulawy"]
[Date "2020.10.09"]
[Round "7.6"]
[White "Janikowska, Wiktoria"]
[Black "Obrochta, Lena"]
[Result "1/2-1/2"]
[WhiteElo "1580"]
[BlackElo "1765"]
[PlyCount "94"]
[EventDate "2020.10.04"]
[EventType "swiss"]
[Tiebreak "Sum of Buchholz+Median1 Buchholz+Sonneborn-Berger (Swiss)"]

1. e4 c5 2. Nf3 e6 3. d4 cxd4 4. Nxd4 a6 5. Nc3 Qc7 6. Bd3 Nf6 7. O-O d6 8. Kh1
Be7 9. f4 Nbd7 10. Bd2 O-O 11. Qe2 b5 12. a3 Bb7 13. Rae1 Rfd8 14. Nf3 g6 15.
Ng5 Ne8 16. f5 Ng7 17. Nxf7 Rf8 18. Nh6+ Kh8 19. fxg6 hxg6 20. Qg4 Kh7 21. Qh3
Nf6 22. Qe3 e5 23. Rf3 Qc5 24. Rh3 Qxe3 25. Bxe3 Rae8 26. Nf5+ Kg8 27. Nxg7
Kxg7 28. Bh6+ Kg8 29. Bxf8 Rxf8 30. Rf1 Nh5 31. Rxf8+ Kxf8 32. Rf3+ Kg7 33. a4
b4 34. Ne2 a5 35. c3 bxc3 36. Nxc3 Nf6 37. h3 Bd8 38. g4 Bb6 39. g5 Nh5 40. Bc4
Nf4 41. Kh2 Bd4 42. Nd5 Bc8 43. Nxf4 exf4 44. b3 Be5 45. Kg1 Bb7 46. Bd5 Ba6
47. Bc4 Bb7 1/2-1/2

[Event "XXVI Ogolnopolska Olimpiada Mlodziezy"]
[Site "Pulawy"]
[Date "2020.10.09"]
[Round "7.6"]
[White "Karp, Kacper"]
[Black "Krasniewski, Maciej"]
[Result "1/2-1/2"]
[WhiteElo "1562"]
[BlackElo "1525"]
[PlyCount "68"]
[EventDate "2020.10.04"]
[EventType "swiss"]
[Tiebreak "Sum of Buchholz+Median1 Buchholz+Sonneborn-Berger (Swiss)"]

1. e4 c5 2. Nf3 e6 3. d4 cxd4 4. Nxd4 Nc6 5. Nb5 d6 6. c4 a6 7. Nd4 Qc7 8. Nc3
Nf6 9. Be2 g6 10. O-O Bg7 11. Be3 O-O 12. Qd2 Bd7 13. Rac1 Rac8 14. f3 Rfe8 15.
Nb3 Ne5 16. Rfd1 Red8 17. Bf1 Bc6 18. Qf2 Qe7 19. Nd4 Rd7 20. Nxc6 Nxc6 21. Na4
Re8 22. Nb6 Rdd8 23. Rd2 Nd7 24. Rcd1 Nxb6 25. Bxb6 Rd7 26. Kh1 Bh6 27. Re2 Ne5
28. b3 f5 29. exf5 gxf5 30. c5 dxc5 31. Bxc5 Qg7 32. Bd4 Rd5 33. Rxe5 Rxe5 34.
Bxe5 Qxe5 1/2-1/2

[Event "XXVI Ogolnopolska Olimpiada Mlodziezy"]
[Site "Pulawy"]
[Date "2020.10.09"]
[Round "7.6"]
[White "Maslanka, Wojciech"]
[Black "Paprocki, Antoni"]
[Result "1-0"]
[WhiteElo "1824"]
[BlackElo "2031"]
[PlyCount "103"]
[EventDate "2020.10.04"]
[EventType "swiss"]
[Tiebreak "Sum of Buchholz+Median1 Buchholz+Sonneborn-Berger (Swiss)"]

1. e4 c5 2. Nf3 d6 3. Bb5+ Nd7 4. c3 Ngf6 5. Bd3 g6 6. O-O Bg7 7. Bc2 Ne5 8. d4
Nxf3+ 9. Qxf3 Qc7 10. Na3 O-O 11. Qe2 Nd7 12. Be3 a6 13. f4 b5 14. f5 b4 15.
Nc4 d5 16. exd5 Bb7 17. Bf4 Qd8 18. d6 Re8 19. Rae1 Bf6 20. Ba4 cxd4 21. fxg6
hxg6 22. Bxd7 Qxd7 23. Nb6 d3 24. Qf2 Qc6 25. Nxa8 Bxa8 26. cxb4 exd6 27. Rxe8+
Qxe8 28. Bxd6 Qe4 29. Bc5 Qd5 30. Qf3 Bxb2 31. Qxd5 Bxd5 32. Be3 Bc3 33. Rd1
Be4 34. Bd2 Bd4+ 35. Kf1 Bd5 36. a3 Bc4 37. Rc1 Bb5 38. Rc8+ Kg7 39. Ra8 Be5
40. a4 Bxa4 41. Rxa6 Bd7 42. h3 Be6 43. b5 Bc4 44. Ra4 Bb3 45. Rb4 Bd5 46. b6
Bb7 47. Rb3 Ba6 48. b7 Bb8 49. Ra3 Bc4 50. Ra8 Bf4 51. b8=Q Bxd2 52. Qh8# 1-0

[Event "XXVI Ogolnopolska Olimpiada Mlodziezy"]
[Site "Pulawy"]
[Date "2020.10.09"]
[Round "7.6"]
[White "Sprzeczka, Emilia"]
[Black "Lewicka, Joanna"]
[Result "1/2-1/2"]
[WhiteElo "1488"]
[BlackElo "1243"]
[PlyCount "173"]
[EventDate "2020.10.04"]
[EventType "swiss"]
[Tiebreak "Sum of Buchholz+Median1 Buchholz+Sonneborn-Berger (Swiss)"]

1. e4 e5 2. Nf3 Nc6 3. d4 exd4 4. Nxd4 Bc5 5. Be3 Qf6 6. c3 Nge7 7. Bc4 Ne5 8.
Be2 O-O 9. O-O Qg6 10. Nd2 d5 11. Bh5 Qd6 12. f4 Bxd4 13. cxd4 N5c6 14. e5 Qd8
15. Nb3 Nf5 16. Bf2 b6 17. Rc1 Qd7 18. Bg4 Nce7 19. Qc2 c6 20. Bh4 Qb7 21. Bxe7
Nxe7 22. Bxc8 Raxc8 23. f5 f6 24. e6 Rc7 25. Qf2 Qa6 26. Rc3 Rfc8 27. Rfc1 Qb5
28. R1c2 a5 29. Rh3 a4 30. Nd2 c5 31. Qf4 Qe2 32. Rc1 c4 33. Rf3 Nxf5 34. Rf2
Nxd4 35. Qxd4 Qxe6 36. Rff1 b5 37. a3 Qe5 38. Nf3 Qxd4+ 39. Nxd4 Rb7 40. Rf5
Rd8 41. Ne6 Rd6 42. Nd4 b4 43. axb4 Rxb4 44. Rc2 Kf7 45. h3 g6 46. Rff2 Rdb6
47. Rfd2 Rb7 48. Nf3 Rd7 49. Rd4 Ke6 50. Re2+ Kd6 51. Nd2 Kc5 52. Nf3 Rdb7 53.
Rdd2 Ra7 54. Nd4 a3 55. bxa3 Rxa3 56. Re6 Rb6 57. Rxb6 Kxb6 58. Kf2 c3 59. Rc2
Kc5 60. Ke3 Kc4 61. Ne2 Rb3 62. g3 f5 63. h4 h6 64. Nd4 Rb2 65. Rxb2 cxb2 66.
Nf3 Kc3 67. Nd2 d4+ 68. Ke2 Kc2 69. Nc4 d3+ 70. Ke3 Kc3 71. Nxb2 Kxb2 72. Kxd3
g5 73. h5 Kc1 74. Kd4 Kd2 75. Ke5 Ke3 76. Kxf5 Kf3 77. g4 Kg3 78. Kg6 Kxg4 79.
Kxh6 Kf4 80. Kg6 g4 81. h6 g3 82. h7 g2 83. h8=Q g1=Q+ 84. Kf7 Qa7+ 85. Ke6
Qb6+ 86. Kd5 Qb5+ 87. Kd4 {Ke5+ Ke4+} 1/2-1/2

[Event "XXVI Ogolnopolska Olimpiada Mlodziezy"]
[Site "Pulawy"]
[Date "2020.10.09"]
[Round "7.7"]
[White "Bartodziej, Bartosz"]
[Black "Bochniak, Franciszek"]
[Result "0-1"]
[WhiteElo "1775"]
[BlackElo "1458"]
[PlyCount "114"]
[EventDate "2020.10.04"]
[EventType "swiss"]
[Tiebreak "Sum of Buchholz+Median1 Buchholz+Sonneborn-Berger (Swiss)"]

1. e4 c5 2. Nf3 d6 3. d4 cxd4 4. Nxd4 Nf6 5. Nc3 a6 6. Be2 e5 7. Nb3 Be7 8. Bg5
Be6 9. Bxf6 Bxf6 10. Qd3 O-O 11. O-O-O Be7 12. Nd5 Bxd5 13. Qxd5 Qc7 14. Kb1
Nd7 15. Nd2 Nf6 16. Qd3 Rfd8 17. Bf3 Rac8 18. Nf1 d5 19. exd5 Nxd5 20. Qb3 Nf6
21. Ne3 e4 22. Be2 Bc5 23. Ng4 Nxg4 24. Bxg4 Rb8 25. Qc4 Qe5 26. Rhe1 Bxf2 27.
Rxe4 Rxd1+ 28. Bxd1 Qd6 29. Bf3 Kf8 30. a3 b5 31. Qc3 Rd8 32. Rg4 f6 33. h3 Bd4
34. Qd3 g6 35. Rh4 Kg7 36. Qd2 g5 37. Re4 Be5 38. Qe3 Rd7 39. Bg4 Rc7 40. Qe2
Qd5 41. Bf3 Qd6 42. h4 h6 43. hxg5 hxg5 44. Bg4 Qc6 45. Bf5 Qc5 46. Re3 Bxb2
47. Qd3 Be5 48. Qe2 Qd4 49. Rxe5 Qxe5 50. Qg4 Qe1+ 51. Ka2 Qe7 52. Qh3 Qf7+ 53.
Kb1 Kf8 54. Qh8+ Ke7 55. Qh2 Qc4 56. Qh7+ Kd6 57. Bd3 Rxh7 0-1

[Event "XXVI Ogolnopolska Olimpiada Mlodziezy"]
[Site "Pulawy"]
[Date "2020.10.09"]
[Round "7.7"]
[White "Dziewonski, Dariusz"]
[Black "Jedraszek, Pawel"]
[Result "1/2-1/2"]
[WhiteElo "2014"]
[BlackElo "1816"]
[PlyCount "60"]
[EventDate "2020.10.04"]
[EventType "swiss"]
[Tiebreak "Sum of Buchholz+Median1 Buchholz+Sonneborn-Berger (Swiss)"]

1. e4 c5 2. Nf3 d6 3. d4 cxd4 4. Nxd4 Nf6 5. f3 e5 6. Nb3 a5 7. a4 Be6 8. c4
Qb6 9. Qd3 Na6 10. Be3 Qd8 11. Na3 Be7 12. Be2 O-O 13. O-O Nd7 14. Nb5 Ndc5 15.
Nxc5 dxc5 16. Rad1 Qxd3 17. Bxd3 Rad8 18. b3 Nb4 19. Bb1 Nc6 20. Nc7 b6 21. Nd5
Bxd5 22. exd5 Nd4 23. f4 f6 24. Bxd4 cxd4 25. fxe5 fxe5 26. Rxf8+ Rxf8 27. Rf1
Rxf1+ 28. Kxf1 g6 29. Be4 Bd6 30. Ke2 Kf7 1/2-1/2